Normal view
MARC view
Entry Personal Name
001 - CONTROL NUMBER
- control field: 42326
003 - CONTROL NUMBER IDENTIFIER
- control field: dpl
005 - DATE AND TIME OF LATEST TRANSACTION
- control field: 20120216150022.0
008 - FIXED-LENGTH DATA ELEMENTS
- fixed length control field: 120216|||a|||||| | ||| d
040 ## - CATALOGING SOURCE
- Original cataloging agency: dpl
- Transcribing agency: dpl
100 ## - HEADING--PERSONAL NAME
- Personal name: Kulagin, Boris
670 ## - SOURCE DATA FOUND
- Source citation: Work cat.: (dpl): Kulagin, Boris, Advanced 3ds max 5 modeling and animating /, 2003
670 ## - SOURCE DATA FOUND
- Source citation: Work cat.: (dpl): Kulagin, Boris, Advanced 3ds max 5 modeling and animating /, 2003
